000 00209nam a2200097Ia 4500
008 190216s9999||||xx |||||||||||||| ||und||
100 _aNull
245 0 _aHindi-Vyakthith
260 _bMcgraw -hill
942 _cBK
999 _c18529
_d18529